01612nam a22003257a 450000500170000000800410001702000180005804000270007604100080010304400070011108200180011824501120013626001760024830000180042449000930044260000560053560000450059160000530063660000530068960000560074260000640079865000410086265000440090365000490094770000430099670000430103994200150108299900170109795201720111420160804091047.0160727b2015 ck ||||| |||| 00| 0 spa d a9789587754766 aCO-BoIAVH cCO-BoIAVH  aspa ack14a508.861bA48p00aProtagonistas de la biodiversidad en Colombia/ceditado por Germán Amat-garcía y Jaime Aguirre Ceballos aBogotá:bUniversidad Nacional de Colombia (Sede Bogotá). Facultad de Ciencias. Instituto de Ciencias Naturales, bJardín Botánico José Celestino Mutis, c2015. a90 páginas. aBiblioteca José Jerónimo Triana, v30aColección Retratos de la Biodiversidad, v21 aApolinar, María, Hermanod1867-1949vbiografías1 aDaniel, Hermanod1909-1988vbiografías1 aPerez Arbelaez, Enriqued1896-1972vbiografías1 aSchultes, Richard Evansd1915-2001vbiografías1 aGarcía Barriga, Hernandod1913-2005vbiografías1 aHernández Camacho, Jorge Ignaciod1935-2001vbiografías1 aExpediciones científicasxhistoria1 aDiversidad biológicaxinvestigaciones1 aSociedades científicasxhistoriazColombia1 aAmat-García, Germánd1960-eeditor aAguirre Ceballos, Jaimed1951-eeditor 2ddccLIBRO c18920d18920 00102ddc40708GENERALIINV2017aBogotabBogotad2016-07-27eInstitutog39000.00l0oLB-508.861 A48pp039749r2016-07-27 00:00:00tEj. 1w2016-07-27xDonacionyLIBRO